[Event "Kishinev Ghimpu Memorial op"]
[Site "Kishinev"]
[Date "2012.11.14"]
[Round "9"]
[White "Pranitchi, Veaceslav"]
[Black "Gangan, Lilian"]
[Result "1-0"]
[WhiteElo "1754"]
[BlackElo "1559"]
[PlyCount "49"]
[EventDate "2012.11.09"]
[EventType "swiss"]
[EventRounds "9"]
[EventCountry "MDA"]
[SourceTitle "EXT 2014"]
[Source "ChessBase"]
[SourceDate "2013.11.20"]
[SourceVersion "1"]
[SourceVersionDate "2013.11.20"]
[SourceQuality "1"]

1. e4 e5 2. Nf3 Nc6 3. Bc4 Bc5 4. c3 Nf6 5. d4 exd4 6. e5 Qe7 7. 0-0 Ng4 8. cxd4 Bb6 9. h3 Nh6 10. Nc3 Nf5 11. Nd5 Qd8 12. Bg5 Nfe7 13. a4 a6 14. a5 Ba7 15. Nxe7 Nxe7 16. d5 Bc5 17. d6 cxd6 18. exd6 f6 19. dxe7 Bxe7 20. Be3 Qc7 21. Qd5 Rf8 22. Rfe1 d6 23. Rac1 Bd7 24. Qh5+ g6 25. Qxh7 1-0